Most Populous Canadian Cities as a Percent of Their Province - Statistics

General Stats
  • This quiz has been taken 382 times
    359 since last reset
  • The average score is 12 of 17
Answer Stats
% Province City % Correct
20.3 Ontario Toronto
99%
13.3 British Columbia Vancouver
99%
32.1 Alberta Calgary
97%
24.4 Alberta Edmonton
96%
21.5 Quebec Montreal
96%
56.5 Manitoba Winnipeg
88%
46.7 Nova Scotia Halifax
86%
23.1 Newfoundland and Labrador St. John's
80%
48.7 Northwest Territories Yellowknife
79%
24.9 Saskatchewan Saskatoon
78%
20.6 Saskatchewan Regina
77%
71.1 Yukon Whitehorse
75%
26.1 Prince Edward Island Charlottetown
58%
20.5 Nunavut Iqaluit
56%
11.4 New Brunswick Moncton
40%
12.3 British Columbia Surrey
23%
10.3 Prince Edward Island Summerside
8%
No matching quizzes found
Score Distribution
Percent of People with Each Score
Percentile by Number Answered
Your Score History
You have not taken this quiz since the last reset